Combate espiritual (Record no. 8489)
[ view plain ]
| 000 -CABECERA | |
|---|---|
| campo de control de longitud fija | 01072nam a2200241 a 4500 |
| 001 - NÚMERO DE CONTROL | |
| campo de control | BRCA_8838 |
| 005 - FECHA Y HORA DE LA ÚLTIMA TRANSACCIÓN | |
| campo de control | 20190320210430.0 |
| 008 - DATOS DE LONGITUD FIJA--INFORMACIÓN GENERAL | |
| campo de control de longitud fija | 050517s1769----sp-#######---#000-0#spa-# |
| 041 ## - CÓDIGO DE LENGUA | |
| Código de lengua del texto/banda sonora o título independiente | spa |
| 044 ## - CÓDIGO DEL PAÍS DE LA ENTIDAD EDITORA/PRODUCTORA | |
| Código MARC del país | sp |
| 084 ## - OTRO NÚMERO DE CLASIFICACIÓN | |
| Número de clasificación | BE219 |
| Número de documento/Ítem | .E83 1769 |
| 100 1# - ENTRADA PRINCIPAL--NOMBRE DE PERSONA | |
| Nombre de persona | Escupoli, Lorenzo |
| 9 (RLIN) | 22022 |
| 245 10 - MENCIÓN DE TÍTULO | |
| Título | Combate espiritual |
| Mención de responsabilidad, etc. | escrito en idioma italiano por el Ven. Padre D. Lorenzo Escupoli, del Orden de los Padres Clerigos Reglares de S. Cayetano; traducido en lengua castellana por D. Damián Gonzalez del Cueto, Doctor en ambos Derechos; y reducido à la pureza Original en esta segunda impression, por el Padre D. Ramon de Guninel, del mesmo Orden; parte primera. |
| 260 ## - PUBLICACIÓN, DISTRIBUCIÓN, ETC. | |
| Lugar de publicación, distribución, etc. | Barcelona |
| Nombre del editor, distribuidor, etc. | En la Imprenta de María Angela |
| Fecha de publicación, distribución, etc. | 1769 |
| 300 ## - DESCRIPCIÓN FÍSICA | |
| Extensión | [54], 412p. (t.1) |
| Dimensiones | 14.2 x 7.8 cm. |
| 501 ## - NOTA DE "CON" | |
| Nota de “Con” | Con las licencias necesarias |
| 501 ## - NOTA DE "CON" | |
| Nota de “Con” | Estado físico: presenta encuadernación en pergamino |
| 650 14 - PUNTO DE ACCESO ADICIONAL DE MATERIA--TÉRMINO DE MATERIA | |
| Término de materia o nombre geográfico como elemento de entrada | Cristianismo |
| Subdivisión cronológica | Obras anteriores a 1800 |
| 9 (RLIN) | 21839 |
| 700 1# - PUNTO DE ACCESO ADICIONAL--NOMBRE DE PERSONA | |
| Nombre de persona | González, Damián |
| Término indicativo de función/relación | tr. |
| 9 (RLIN) | 22023 |
| 700 1# - PUNTO DE ACCESO ADICIONAL--NOMBRE DE PERSONA | |
| Nombre de persona | Guñinel, Ramon de |
| 9 (RLIN) | 22024 |
| 902 ## - CATALOGADOR | |
| Iniciales | CFM |
| 942 ## - ELEMENTOS DE PUNTO DE ACCESO ADICIONAL (KOHA) | |
| Fuente del sistema de clasificación o colocación | Library of Congress Classification |
| Tipo de ítem Koha | Libros |
| Estado de retiro | Estado de pérdida | Estado dañado | No para préstamo | Localización permanente | Ubicación/localización actual | Fecha de adquisición | Total de préstamos | Signatura topográfica completa | Código de barras | Fecha visto por última vez | Precio válido a partir de | Tipo de ítem Koha |
|---|---|---|---|---|---|---|---|---|---|---|---|---|
| El ejemplar forma parte de la colección y puede ser consultado según las políticas vigentes. | Biblioteca del Museo Franz Mayer (Rogerio Casas-Alatriste) | Biblioteca del Museo Franz Mayer (Rogerio Casas-Alatriste) | 05/05/2017 | BE219 .E83 1769 | CFM00165 | 22/03/2019 | 22/03/2019 | Libros |